Koexistencia rôznych generácií zamestnancov - výzva pre súčasné priemyselné podniky
Koexistencia rôznych generácií zamestnancov a možnosti efektívneho riešenia zložitých problémov súčasnej situácie na trhu práce.
Enregistré dans:
| Auteur principal: | |
|---|---|
| Autres auteurs: | , , |
| Format: | Chapitre de livre |
| Langue: | slovaque |
| Sujets: | |
| Tags: |
Pas de tags, Soyez le premier à ajouter un tag!
|
MARC
| LEADER | 00000nla a2200000 4500 | ||
|---|---|---|---|
| 001 | 0242313 | ||
| 005 | 20240417075136.6 | ||
| 041 | 0 | |a slo | |
| 044 | |a SK | ||
| 245 | 1 | 0 | |a Koexistencia rôznych generácií zamestnancov - výzva pre súčasné priemyselné podniky |c Miloš Čambál, Petra Urbanovičová, Justína Mikulášková, Peter Szabó |
| 520 | |a Koexistencia rôznych generácií zamestnancov a možnosti efektívneho riešenia zložitých problémov súčasnej situácie na trhu práce. | ||
| 610 | 2 | 0 | |a trh práce |
| 610 | 2 | 0 | |a zamestnanci |
| 610 | 2 | 0 | |a generácie |
| 610 | 2 | 0 | |a manažéri |
| 610 | 2 | 0 | |a politika zamestnanosti |
| 610 | 2 | 0 | |a vzťahy pracovné |
| 610 | 2 | 0 | |a podnik priemyselný |
| 100 | 1 | |a Čambál, Miloš | |
| 700 | 1 | |a Urbanovičová, Petra | |
| 700 | 1 | |a Mikulášková, Justína | |
| 700 | 1 | |a Szabó, Peter | |